000 00634nam a2200241Ia 4500
003 OSt
005 20221005125424.0
006 a|||||r|||| 00| 0
007 ta
008 221004b |||||||| |||| 00| 0 mal d
024 _a56863
037 _cTextual
040 _aCRL
_cCRL
_bmal
041 _2mal
_amal
082 _aO32,3NKA2,1, K4
100 _aKailmal K. N. C. Au.
_9636653
245 0 _aPavizhadeep
260 _c1964
650 _a MALAYALAM LITERATURE
_938866
650 _aMALAYALAM FICTION
_9183428
942 _hO32,3NKA2,1, K4
_cTEXL
_2cc
999 _c1053971
_d1053971